00274nam a2200121Ia 4500008005000000041000800050082001100058100001500069245002400084260002500108300001100133440000800144240112s1974 JULY-DEC xx 000 0 und d aeng a617.05 aMOSER R.H. aARCHIVES OF SURGERY bA.M.Ac1974 JULY-DEC a864,HB v109